00481nam a2200157Ia 4500008004100000020001800041082001300059100002200072245008400094250000800178260002500186300001300211500002500224650001500249700005900264230524s9999 xx 000 0 und d a9780070666986 a658bLEV aDavid Simchi-Levi 0a"Designing and Managing the Supply Chain: Concepts,Strategies and Case Studies" a3RD aNEW DELHIbTMHc2008 aXXIX;521 aQuantity Number: 12 aManagement a" Philip Kaminsky, Edith Simchi-Levi , Ravi Shankar,,"